Central Library OPAC University of Rajshahi

Problems of political philosophy / (Record no. 36000)

MARC details
000 -LEADER
fixed length control field 00812nam a2200277 a 4500
001 - CONTROL NUMBER
control field 36000
003 - CONTROL NUMBER IDENTIFIER
rucl marc code BD-RjUL
005 - DATE AND TIME OF LATEST TRANSACTION
control field 20211209052421.0
008 - FIXED-LENGTH DATA ELEMENTS--GENERAL INFORMATION
fixed length control field 140615r19811976enk b 001 0 eng d
020 ## - INTERNATIONAL STANDARD BOOK NUMBER
International Standard Book Number 0333211642 :
035 ## - SYSTEM CONTROL NUMBER
System control number (BD-RjUL)36097
040 ## - CATALOGING SOURCE
Original cataloging agency LC
Language of cataloging eng
Transcribing agency LC
Modifying agency XNTU
-- BD-RjUL
041 ## - LANGUAGE CODE
Language code of text/sound track or separate title eng
082 04 - DEWEY DECIMAL CLASSIFICATION NUMBER
Classification number 320.01
Edition number 19
Author mark and year RAP 1981
100 1# - MAIN ENTRY--PERSONAL NAME
Personal name Raphael, D. D.
Fuller form of name (David Daiches),
Dates associated with a name 1916-
9 (RLIN) 14450
245 10 - TITLE STATEMENT
Title Problems of political philosophy /
Statement of responsibility, etc. D.D. Raphael.
250 ## - EDITION STATEMENT
Edition statement Rev. ed.
260 ## - PUBLICATION, DISTRIBUTION, ETC. (IMPRINT)
Place of publication, distribution, etc. London :
Name of publisher, distributor, etc. Macmillan,
Date of publication, distribution, etc. 1976 [reprinted 1981].
300 ## - PHYSICAL DESCRIPTION
Pagination viii, 207 p. ;
Size 22 cm.
504 ## - BIBLIOGRAPHY, ETC. NOTE
Bibliography, etc Includes bibliographical references and index.
650 #0 - SUBJECT ADDED ENTRY--TOPICAL TERM
Topical term or geographic name as entry element Political science.
9 (RLIN) 109597
Topical term or geographic name as entry element State, The.
9 (RLIN) 109598
942 ## - ADDED ENTRY ELEMENTS (KOHA)
Source of classification or shelving scheme Dewey Decimal Classification
Koha item type Books
Holdings
Lost status Source of classification or shelving scheme Damaged status Not for loan Collection code Permanent Location Current Location Shelving location Date acquired Source of acquisition Cost, normal purchase price Total Checkouts Full call number Date last seen Copy number Koha item type Date checked out
  Dewey Decimal Classification     Reference Central Library, University of Rajshahi Central Library, University of Rajshahi   28/06/1982 Heffers. 2.50   320.01 RAP 1981 15/06/2014 C-7 Books  
  Dewey Decimal Classification     Non-fiction Central Library, University of Rajshahi Central Library, University of Rajshahi   28/06/1982 Heffers and sons 4.50   320.01 RAP 1981 15/06/2014 C-8 Books  
  Dewey Decimal Classification     Non-fiction Central Library, University of Rajshahi Central Library, University of Rajshahi   28/06/1982 Heffers and sons 4.50 1 320.01 RAP 1981 27/07/2017 C-6 Books 10/07/2017
  Dewey Decimal Classification     Non-fiction Central Library, University of Rajshahi Central Library, University of Rajshahi   28/06/1982 Heffers. 4.50   320.01 RAP 1981 20/08/2015 C-9 Books  
  Dewey Decimal Classification   Not For Loan Non-fiction Central Library, University of Rajshahi Central Library, University of Rajshahi Reading Room 28/06/1982 Heffer 4.25   320.01 RAP 1981 12/12/2016 C-1 Books